000 00340nam a2200145Ia 4500
008 230917s9999||||xx |||||||||||||| ||und||
040 _e49710
_aMAIN
041 _aEnglish
082 _a822.33 S15R
100 _aHoughton, R E C, ed
245 0 _aRichard iii
260 _aOxford
_bClarendon Press
_c1965
300 _a254 p.
942 _cBK
999 _c45857
_d45857